000 00477nam a2200169Ia 4500
003 OSt
005 20200608125740.0
008 190216s9999||||xx |||||||||||||| ||und||
040 _coclc
082 _a342.42
_bSIN/C
100 _aSinha, J P
_92624
245 0 _aConstitutional History Of England /
_cJ P Sinha
250 _a4th Ed.
260 _bKedernath Ramnath,
_c1983.
_aMeerut:
300 _a315p
942 _cBK
_2ddc
_h342.42
_iSIN/C
_k342.42
_mSIN/C
999 _c19661
_d19661